000 00296nam a22001097a 4500
008 160614b xxu||||| |||| 00| 0 eng d
020 _a097002794X
041 _aeng
080 _a618.2
245 _aThe chemistry of drugs for nurse anesthetists:
_cLemont B. Kier; Cynthia S. Dowd;
942 _2udc
_cBK
999 _c2497
_d2497